Footprints I: an anthology of prose, poetry and fiction (Record no. 201887)

MARC details
000 -LEADER
fixed length control field 00447nam a2200157Ia 4500
008 - FIXED-LENGTH DATA ELEMENTS--GENERAL INFORMATION
fixed length control field 231221s9999 xx 000 0 und d
041 ## - LANGUAGE CODE
Language code of text/sound track or separate title English
082 ## - DEWEY DECIMAL CLASSIFICATION NUMBER
Classification number 425 NAN;1 R
100 ## - MAIN ENTRY--PERSONAL NAME
Personal name Nandini Nayar
245 #0 - TITLE STATEMENT
Title Footprints I: an anthology of prose, poetry and fiction
250 ## - EDITION STATEMENT
Edition statement 1st. ed.
260 ## - PUBLICATION, DISTRIBUTION, ETC.
Date of publication, distribution, etc. 2008
Name of publisher, distributor, etc. Foundation Books
Place of publication, distribution, etc. Bangalore
300 ## - PHYSICAL DESCRIPTION
Extent viii+183
650 ## - SUBJECT ADDED ENTRY--TOPICAL TERM
Topical term or geographic name entry element Footprints,I:,anthology,prose,,poetry,fiction
942 ## - ADDED ENTRY ELEMENTS (KOHA)
Koha item type Business Management Library
Holdings
Date last seen Total checkouts Full call number Accession number Cost, total (INR) price Price effective from Category Lost status Damaged status Department Withdrawn status Home library Current library Shelving location Entry date Vendor Cost, normal purchase price Grants Billdate Currency symbol Conversion rate Discount Old discount
26/01/2024   425 NAN;1 R BM880 95.00 26/01/2024 Business Management Library     Central Library   Central Library Central Library Central Library   Publisher 95.00 BM 16/07/2009 RS 1    
26/01/2024   425 NAN;2 R1 BM881 95.00 26/01/2024 Business Management Library     Central Library   Central Library Central Library Central Library   Publisher 95.00 BM 16/07/2009 RS 1    

© For any Suggestions or Query, please contact the library staff @ librarian@pes.edu or Phone: +9180 2672 1983/ 2108.